Methods of compiling statistics of railway accidents. (Record no. 35946)

MARC details
000 -LEADER
fixed length control field 00742cam a22002291 4500
001 - CONTROL NUMBER
control field l 29000106
003 - CONTROL NUMBER IDENTIFIER
control field DLC
005 - DATE AND TIME OF LATEST TRANSACTION
control field 20260227111532.0
008 - FIXED-LENGTH DATA ELEMENTS--GENERAL INFORMATION
fixed length control field 800215s1929 sz s 000 0 eng c
010 ## - LIBRARY OF CONGRESS CONTROL NUMBER
LC control number l 29000106
035 ## - SYSTEM CONTROL NUMBER
System control number (OCoLC)5988128
040 ## - CATALOGING SOURCE
Original cataloging agency Library, U. S. Dept. of Labor
Transcribing agency NBuU
Modifying agency DLC
050 00 - LIBRARY OF CONGRESS CALL NUMBER
Classification number HD4813
Item number .I4 ser. N, no. 15
110 2# - MAIN ENTRY--CORPORATE NAME
Corporate name or jurisdiction name as entry element International Labour Office.
245 10 - TITLE STATEMENT
Title Methods of compiling statistics of railway accidents.
260 ## - PUBLICATION, DISTRIBUTION, ETC.
Place of publication, distribution, etc. Geneva,
Date of publication, distribution, etc. 1929.
300 ## - PHYSICAL DESCRIPTION
Extent 82 p.
Dimensions 24 cm.
490 0# - SERIES STATEMENT
Series statement Studies and reports, series N, Statistics,
Volume/sequential designation no. 15
500 ## - GENERAL NOTE
General note At head of title: International Labour Office.
650 #0 - SUBJECT ADDED ENTRY--TOPICAL TERM
Topical term or geographic name entry element Industrial accidents
General subdivision Statistics.
650 #0 - SUBJECT ADDED ENTRY--TOPICAL TERM
Topical term or geographic name entry element Railroad accidents
General subdivision Statistics.

No items available.

Powered by Koha